[Event "56. Abierto Mexicano Monterey 2010"]
[Site "Monterrey MEX"]
[Date "2010.04.04"]
[Round "9.2"]
[White "De La Paz Perdomo, Frank"]
[Black "Hernandez Guerrero, Gilberto"]
[Result "1/2-1/2"]
[PlyCount "30"]
[EventDate "2010.03.30"]
[EventType "swiss"]
[EventRounds "9"]
[EventCountry "MEX"]
[Source "lmi"]
[SourceDate "2010.03.30"]
[WhiteElo "2469"]
[BlackElo "2533"]

1. e4 c5 2. Nf3 e6 3. d4 cxd4 4. Nxd4 Nc6 5. Nc3 Qc7 6. Be3 a6 7. Bd3 Nf6 8.
O-O h5 9. h3 b5 10. a3 Bb7 11. Nxc6 Qxc6 12. Re1 Bd6 13. Bd4 e5 14. Be3 Bc5 15.
Qf3 Kf8 1/2-1/2

[Event "56. Abierto Mexicano Monterey 2010"]
[Site "Monterrey MEX"]
[Date "2010.04.04"]
[Round "9.3"]
[White "Sanchez Enriquez, Oscar Gerardo"]
[Black "Mitkov, Nikola"]
[Result "0-1"]
[PlyCount "114"]
[EventDate "2010.03.30"]
[EventType "swiss"]
[EventRounds "9"]
[EventCountry "MEX"]
[Source "lmi"]
[SourceDate "2010.03.30"]
[WhiteElo "2354"]
[BlackElo "2499"]

1. d4 d5 2. Nf3 Nf6 3. c4 e6 4. Nc3 Bb4 5. cxd5 exd5 6. Bg5 h6 7. Bh4 g5 8. Bg3
Ne4 9. Nd2 Nxg3 10. hxg3 c6 11. Qc2 Be6 12. e3 Nd7 13. Bd3 Qe7 14. O-O-O O-O-O
15. a3 Bd6 16. Kb1 Kb8 17. Na4 h5 18. Be2 h4 19. g4 Nf6 20. f3 Bc8 21. Nf1 Nd7
22. Rc1 Nb6 23. Bd3 Nxa4 24. Qxa4 Rh6 25. Qc2 Bd7 26. Bf5 Rhh8 27. Re1 Bxf5 28.
gxf5 c5 29. dxc5 Bxc5 30. Qd3 Rhe8 31. Re2 a6 32. Nh2 Bxe3 33. Ng4 d4 34. Rhe1
Qc5 35. Rd1 Bf4 36. Rc2 Qb5 37. Rc4 Rd6 38. Rxd4 Rxd4 39. Qxd4 Qxf5+ 40. Ka1
Bc7 41. Qc4 Qe6 42. Qa4 f5 43. Nf6 Rd8 44. Nd7+ Kc8 45. Nc5 Rxd1+ 46. Qxd1 Qd6
47. Qc2 Qd5 48. Na4 Kb8 49. Nc3 Qe5 50. Qb3 Ka7 51. Nd5 g4 52. fxg4 fxg4 53.
Nxc7 Qxc7 54. Qe3+ Qb6 55. Qd3 Qf2 56. Qe4 h3 57. gxh3 g3 0-1

[Event "56. Abierto Mexicano Monterey 2010"]
[Site "Monterrey MEX"]
[Date "2010.04.04"]
[Round "9.4"]
[White "Gonzalez Zamora, Juan Carlos"]
[Black "Villarreal Felix, Jose Felix"]
[Result "1/2-1/2"]
[PlyCount "55"]
[EventDate "2010.03.30"]
[EventType "swiss"]
[EventRounds "9"]
[EventCountry "MEX"]
[Source "lmi"]
[SourceDate "2010.03.30"]
[WhiteElo "2552"]
[BlackElo "2330"]

1. d4 f5 2. Nc3 Nf6 3. Bg5 d5 4. Bxf6 exf6 5. e3 c6 6. Bd3 a5 7. Qf3 g6 8. Nge2
Na6 9. a3 Nc7 10. h3 Ne6 11. g4 Ng5 12. Qg2 fxg4 13. hxg4 Nf7 14. f4 Qd7 15. f5
g5 16. e4 dxe4 17. Nxe4 Be7 18. O-O-O b6 19. Bc4 Bb7 20. N2g3 Nd6 21. Be6 Qd8
22. Qh3 Qc7 23. Qh6 Nxe4 24. Nxe4 Qf4+ 25. Kb1 Rf8 26. Qg7 Ra7 27. Rxh7 Ba6 28.
Rh8 1/2-1/2

[Event "56. Abierto Mexicano Monterey 2010"]
[Site "Monterrey MEX"]
[Date "2010.04.04"]
[Round "9.6"]
[White "Morales Garcia, Sergio Joshafatt"]
[Black "Perez Garcia, Rodney"]
[Result "1/2-1/2"]
[PlyCount "21"]
[EventDate "2010.03.30"]
[EventType "swiss"]
[EventRounds "9"]
[EventCountry "MEX"]
[Source "lmi"]
[SourceDate "2010.03.30"]
[WhiteElo "2314"]
[BlackElo "2424"]

1. e4 e5 2. Bc4 Nf6 3. d3 c6 4. Nf3 d5 5. Bb3 Bb4+ 6. Bd2 Bxd2+ 7. Nbxd2 Nbd7
8. O-O O-O 9. Re1 d4 10. a4 Qe7 11. Nb1 1/2-1/2